00515cam a22002051 4500001001300000003000400013005001700017008004100034010001700075035002000092040001800112042001200130050002100142100001800163245002700181260001100208300002400219500004900243999001700292sa 67007433 DLC20260227112416.0891229s1966 ii 000 0 hino  asa 67007433  a(OCoLC)20834821 aDLCcWaUdDLC apremarc00aPK2708.9.S5bR331 aSingh, Mukan.10aRaṅga rā dūhā. c[1966] a[16], 20 p.c18 cm. aIn Rajasthani; introductory matter in Hindi. c76589d76589